000 00569nam a2200193Ia 4500
005 20250508155847.0
008 008 250505s9999 xx 000 0 eng d
037 _aTheses
040 _aFEDL
_beng
_cFEDL
041 _aeng
_2eng
084 _a370, SEN/TH
_qFEDL
100 _aSengupta Banamali
_9767710
245 0 _aPrognostic value of final examination marks in delta class for success in science course
260 _c1963
300 _a426p.
546 _aPH.D Thesis (Agra University)
942 _cTH
_h370, SEN/TH
999 _c1359689
_d1359689